Southville International School and Colleges
Your cart is empty.
  • Cart
  • Lists
    Public lists list_1 View all
    Your lists Log in to create your own lists
  • Log in to your account
  • Your cookies
  • Search history
Southville International School and Colleges
  • Advanced search
  • Recent comments
  • Most popular
  • Libraries

Log in to your account

Log in with GOOGLE


If you do not have an external account, but do have a local account, you can still log in:

  1. Home
  2. MARC view: Quantitative methods in finance /
Normal view MARC view ISBD view

Quantitative methods in finance / (Record no. 21356)

[ view plain ]
MARC details
000 -LEADER
fixed length control field 00608nam a2200217 a 4500
005 - DATE AND TIME OF LATEST TRANSACTION
control field 20140310183319.0
008 - FIXED-LENGTH DATA ELEMENTS--GENERAL INFORMATION
fixed length control field 060117s19uu xx 00 eng d
020 ## - INTERNATIONAL STANDARD BOOK NUMBER
International Standard Book Number 0 412 60820 0
050 ## - LIBRARY OF CONGRESS CALL NUMBER
Classification number HG 106
Item number .W337 1997
100 ## - MAIN ENTRY--PERSONAL NAME
Personal name Watsham, Terry J.
245 ## - TITLE STATEMENT
Title Quantitative methods in finance /
Statement of responsibility, etc Terry J. Watsham and Keith Parramore.
250 ## - EDITION STATEMENT
Edition statement 1st ed.
260 ## - PUBLICATION, DISTRIBUTION, ETC. (IMPRINT)
Date of publication, distribution, etc 1997.
Place of publication, distribution, etc Mandaluyong City :
Name of publisher, distributor, etc Mutual Books Inc. ,
300 ## - PHYSICAL DESCRIPTION
Extent x, 393 p. :
Other physical details ill. ;
Dimensions 21 cm.
521 ## - TARGET AUDIENCE NOTE
Target audience note
546 ## - LANGUAGE NOTE
Language note C6673
546 ## - LANGUAGE NOTE
Language note C6672
650 ## - SUBJECT ADDED ENTRY--TOPICAL TERM
Topical term or geographic name as entry element Finance.
700 ## - ADDED ENTRY--PERSONAL NAME
Personal name Parramore, Keith
942 ## - ADDED ENTRY ELEMENTS (KOHA)
Koha item type Books
Source of classification or shelving scheme Library of Congress Classification
Call number prefix Foreign
Holdings
Withdrawn status Lost status Source of classification or shelving scheme Damaged status Home library Current library Shelving location Date acquired Total Checkouts Full call number Barcode Date last seen Copy number Price effective from Koha item type
    Library of Congress Classification   College Library College Library General Circulation Section 12/09/2013   HG 106 .W337 1997 C6672 05/15/2018 1 12/09/2013 Books
    Library of Congress Classification   College Library College Library General Circulation Section 12/09/2013   HG 106 .W337 1997 C6673 05/15/2018 2 12/09/2013 Books

Quantitative methods in finance /

APA

Watsham T. J., Parramore K., . (1997). Quantitative methods in finance. Mandaluyong City: Mutual Books Inc.

Chicago

Watsham Terry J, Parramore Keith, . 1997. Quantitative methods in finance. Mandaluyong City: Mutual Books Inc.

Harvard

Watsham T. J., Parramore K., . (1997). Quantitative methods in finance. Mandaluyong City: Mutual Books Inc.

MLA

Watsham Terry J, Parramore Keith, . Quantitative methods in finance. Mandaluyong City: Mutual Books Inc. 1997.

  • Place hold
  • Print
  • Cite
  • Add to your cart (remove)
  • Save record
    BIBTEX Dublin Core MARCXML MARC (non-Unicode/MARC-8) MARC (Unicode/UTF-8) MARC (Unicode/UTF-8, Standard) MODS (XML) RIS
  • More searches
    Search for this title in:
    Other Libraries (WorldCat) Other Databases (Google Scholar) Online Stores (Bookfinder.com) Open Library (openlibrary.org)

Exporting to Dublin Core...

SOUTHVILLE LIBRARY

Southville International School and Colleges Library

1281 Tropical Ave. Cor. Luxembourg St., BF Homes International, Las Pinas City

Tel. No. 8256374 / 252358 Loc. 117/146

Powered by Koha